000 00393nam a2200157 i 4500
001 bg
100 1 _aFERMI, Enrico
245 0 _aNaucnye trudy.
_nT. 1,
_p1921-1938 : Italija /
_cEnriko Fermi.
260 _aMoskva :
_bIzdatel'stvo "Nauka",
_c1971.
300 _a818 s. :
_bil.
040 _cBPK
041 _apol
080 _a539.1
942 _cKS
008 s pl f |000 0 pol
999 _c7383
_d7383